| 000 | 00500nam a2200133 a 4500 | ||
|---|---|---|---|
| 008 | 120416s1972 ||||||||||||||||| || u | ||
| 050 | _aHG 6024.A3 Gos | ||
| 100 | _aGoss, Barry Andrew | ||
| 245 | 1 | 4 | _aThe theory of futures trading |
| 260 |
_aLondon _bRoutledge and Kegan Paul _c1972 |
||
| 300 | _aVarious pagings : ill. | ||
| 350 | _a0.00 | ||
| 995 |
_D0.00 _FCBU-MAIN LIBRARY (Kitwe) _H1 _I0.00 _M1 _UAVAILABLE _ZMain Library Open Access Collection |
||
| 999 |
_c59776 _d59776 |
||